| 000 | 00858cam a2200241 a 4500 | ||
|---|---|---|---|
| 001 | 000010530 | ||
| 005 | 20250429112051.0 | ||
| 008 | 800312s1986 sp a 001 0 spa d | ||
| 020 | _a842493525X | ||
| 040 |
_aDO-SdBNP _bspa _cBNPHU |
||
| 082 |
_a888 _bH559h |
||
| 100 | 0 |
_aHerodotus _d484 aC - c. 425 aC _925542 |
|
| 245 | 1 | 0 |
_aHistoria : _blibros III-IV / _cHeródoto ; traducción y notas de Carlos Schrader. |
| 260 |
_aMadrid : _bGredos, _c1986. |
||
| 300 |
_a502 p. : _bil. ; _c20 cm. |
||
| 490 | 1 |
_aBiblioteca clásica Gredos ; _v21 |
|
| 504 | _aIncluye bibliografía y notas al pie de las páginas. | ||
| 500 | _aIncluye índice de nombres. | ||
| 650 | 0 |
_aHistoria antigua _918158 |
|
| 651 | 4 |
_aGrecia _xHistoria _yGUERRAS MÉDICAS, 500-449 A.C. _925543 |
|
| 700 | 1 |
_aSCHRADER, CARLOS, _etr. _925544 |
|
| 830 | 0 |
_aBiblioteca clásica Gredos ; _v21 _98642 |
|
| 999 |
_c10288 _d10288 |
||